Fyzika polymerů /

Na minha lista:
Detalhes bibliográficos
Main Authors: Holzmüller, Werner, Altenburg, Kurt (Author)
Outros Autores: Bukač, Zbyněk (Translator)
Formato: Livro
Idioma:tcheco
alemão
Publicado em: Praha: Státní nakladatelství technické literatury, 1966.
Edição:Vyd. 1.
Colecção:Teoretická knižnice inženýra
Acesso em linha:View in OPAC
Tags: Adicionar Tag
Sem tags, seja o primeiro a adicionar uma tag!

MARC

LEADER 00000nam a2200000 a 4500
001 vtls008591487
003 VRT
005 20260127134425.0
008 040224s1966 xr a gr 001 m cze c
035 |a SAVUKc184401 
040 |a SAVUK  |b slo  |c SNK  |e AACR2  |d SK-BrSCK 
041 1 |a cze  |h ger 
044 |a xr  |c CZ 
080 |a 678.7.01 
080 |a 53(075.8) 
100 1 |a Holzmüller, Werner 
245 1 0 |a Fyzika polymerů /  |c Werner Holzmüller, Kurt Altenburg ; přeložili Zbyněk Bukač ... [et al.] 
250 |a Vyd. 1. 
260 |a Praha:  |b Státní nakladatelství technické literatury,  |c 1966. 
300 |a 625 s.:  |b il., tab., fotogr., grafy;  |e príl.  |c 24 cm 
490 1 |a Teoretická knižnice inženýra 
504 |a Reg. 
700 1 |a Altenburg, Kurt  |4 aut 
700 1 |a Bukač, Zbyněk  |4 trl 
830 0 |a Teoretická knižnice inženýra 
910 |a savuk 
942 |2 udc  |c 12 
949 |6 2889066650  |a savukS 34179 
999 |c 12468  |d 12468